| 000 | 01147cam a22002774a 4500 | ||
|---|---|---|---|
| 999 |
_c128687 _d128687 |
||
| 001 | 12689019 | ||
| 003 | ARRUPE | ||
| 005 | 20181130115149.0 | ||
| 008 | 020220s2002 enkab b 001 0 eng | ||
| 010 | _a 2002102597 | ||
| 020 | _a0500051178 | ||
| 035 | _a(DLC) 2002102597 | ||
| 040 |
_aDLC _cDLC _dDLC |
||
| 042 | _apcc | ||
| 050 | 0 | 0 |
_aN5310 _b.L55 2002 |
| 100 | 1 |
_aLewis-Williams, J. David. _943728 |
|
| 245 | 1 | 4 |
_aThe mind in the cave : _bconsciousness and the origins of art / _cDavid Lewis-Williams. |
| 260 |
_aLondon : _bThames & Hudson, _cc2002. |
||
| 300 |
_a320 p. : _bill., maps ; _c24 cm. |
||
| 504 | _aIncludes bibliographical references (p. 219-314) and index. | ||
| 650 | 0 |
_aArt, Prehistoric. _926697 |
|
| 650 | 0 |
_aCave paintings. _99544 |
|
| 856 | 4 | 1 |
_3Table of contents _uhttp://www.loc.gov/catdir/toc/fy044/2002102597.html |
| 906 |
_a7 _bcbc _corignew _d2 _eepcn _f20 _gy-gencatlg |
||
| 942 |
_2lcc _cMONOGRAPH |
||